000 00266nam a2200109Ia 4500
008 220204s9999 xx 000 0 und d
082 _a003
_bDEM
100 _aDempsey, Michael W
245 0 _aPurnells concise encyclopedia
260 _aPaulton
_bPurnell
942 _cBK
999 _c26582
_d26582